[Event "Wroclaw-ch"]
[Site "Wroclaw"]
[Date "2004.??.??"]
[Round "3"]
[White "Schoffler, Helmut"]
[Black "Stanisz, Patryk"]
[Result "0-1"]
[WhiteElo "2010"]
[BlackElo "2145"]
[PlyCount "42"]
[EventDate "2004.??.??"]
[EventType "swiss"]
[EventRounds "9"]
[EventCountry "POL"]
[SourceTitle "EXT 2007"]
[Source "ChessBase"]
[SourceDate "2006.11.23"]
[SourceVersion "1"]
[SourceVersionDate "2006.11.23"]
[SourceQuality "1"]

1. e4 c5 2. Nf3 Nc6 3. d4 cxd4 4. Nxd4 Nf6 5. Nc3 e5 6. Ndb5 d6 7. a4 a6 8. Na3 Be6 9. Bg5 Rc8 10. Bc4 Nd4 11. Bxf6 Qxf6 12. Nd5 Qg6 13. 0-0 Qxe4 14. Re1 Qg6 15. Ne3 Be7 16. c3 Nf5 17. Nd5 Bd8 18. Bf1 Nh4 19. Kh1 0-0 20. Nc2 Bxd5 21. Qxd5 Qxc2 0-1

[Event "Wroclaw-ch"]
[Site "Wroclaw"]
[Date "2004.??.??"]
[Round "2"]
[White "Zdebskaja, Natalia"]
[Black "Schoffler, Helmut"]
[Result "1-0"]
[WhiteElo "2350"]
[BlackElo "2010"]
[PlyCount "103"]
[EventDate "2004.??.??"]
[EventType "swiss"]
[EventRounds "9"]
[EventCountry "POL"]
[SourceTitle "EXT 2007"]
[Source "ChessBase"]
[SourceDate "2006.11.23"]
[SourceVersion "1"]
[SourceVersionDate "2006.11.23"]
[SourceQuality "1"]

1. e4 c5 2. Nf3 e6 3. d4 cxd4 4. Nxd4 Nc6 5. Nc3 d6 6. g3 Nf6 7. Bg2 Be7 8. 0-0 0-0 9. Nb3 a6 10. a4 Na5 11. Nxa5 Qxa5 12. Bd2 Qc7 13. a5 Bd7 14. Be3 Bc6 15. Qe2 Rfe8 16. f4 Nd7 17. g4 Bf8 18. Qf2 g6 19. g5 Bg7 20. Qh4 Qd8 21. Rad1 Qe7 22. Bf2 f6 23. gxf6 Bxf6 24. Qg3 Rad8 25. Rd2 Bg7 26. Rfd1 Nf6 27. Bb6 Rd7 28. Qg5 Nh5 29. Qxe7 Rexe7 30. Rf2 Rf7 31. Be3 Bxc3 32. bxc3 Kf8 33. Bh3 Rfe7 34. f5 exf5 35. Bh6+ Kg8 36. exf5 gxf5 37. Rxf5 Rg7+ 38. Bxg7 Nxg7 39. Rf6 Re7 40. Rdf1 h5 41. Rxd6 Re2 42. Rd8+ Kh7 43. Rf7 Re5 44. Kf2 Rxa5 45. Ke3 Rg5 46. Kf4 Rc5 47. Rdf8 a5 48. Rc7 a4 49. Rff7 Rc4+ 50. Kg5 Rxc3 51. Rxg7+ Kh8 52. Rh7+ 1-0